|
|
|
|
| LEADER |
00000nam0a2200000 4500 |
| 001 |
286494 |
| 005 |
20231101235910.0 |
| 020 |
|
|
|a RU
|b 85-41899
|
| 035 |
|
|
|a (RuTPU)RU\TPU\book\310809
|
| 090 |
|
|
|a 286494
|
| 100 |
|
|
|a 20150305d1985 km y0rusy5003 ca
|
| 101 |
0 |
|
|a rus
|
| 102 |
|
|
|a RU
|
| 105 |
|
|
|a y z 000zy
|
| 200 |
1 |
|
|a Поле памяти. Заметки об идеологической работе
|f Е. Н. Моряков
|
| 210 |
|
|
|a Москва
|c Политиздат
|d 1985
|
| 215 |
|
|
|a 238 с.
|
| 606 |
1 |
|
|a Идеологическая работа КПСС
|2 stltpush
|3 (RuTPU)RU\TPU\subj\12184
|9 39016
|
| 610 |
1 |
|
|a духовный мир
|
| 610 |
1 |
|
|a рабочие
|
| 610 |
1 |
|
|a история
|
| 610 |
1 |
|
|a творческая активность
|
| 610 |
1 |
|
|a идейно-воспитательная работа
|
| 610 |
1 |
|
|a ценности
|
| 610 |
1 |
|
|a мировоззрение
|
| 686 |
|
|
|a Ф61(2)5
|2 rubbk
|
| 700 |
|
1 |
|a Моряков
|b Е. Н.
|g Евгений Николаевич
|4 070
|
| 801 |
|
0 |
|a RU
|b RuMRKP
|c 19950704
|g psbo
|
| 801 |
|
1 |
|a RU
|b 63413507
|c 20150305
|
| 801 |
|
2 |
|a RU
|b 63413507
|c 20171227
|g RCR
|
| 942 |
|
|
|c BK
|